| 000 | 01137nam0a22002531 4500 | ||
|---|---|---|---|
| 001 | rc\2713220 | ||
| 005 | 20230524184803.0 | ||
| 035 | _a(NLR Aleph) 006841109 | ||
| 090 |
_a6646620 _c6646620 |
||
| 100 | _a20110915d1934 |||a0rusy50 ca | ||
| 101 | 0 | _arus | |
| 102 | _aRU | ||
| 105 | _ay z ||||| | ||
| 200 | 1 |
_aИностранный язык в начальной, неполной средней и средней школе _eИнструктив.-метод. материал _e(Сост. по данным выборочного обследования школ в 1934 г.) _fСост. проф. Н. О. [?] Мамуна |
|
| 210 |
_aМосква _aЛенинград _cНаркомпрос РСФСР _cУчпедгиз _d1934 _eМосква _g5 тип. Трансжелдориздата |
||
| 215 |
_a32 с. _d21х15 см. |
||
| 702 | 1 |
_aМамуна _bН. Э. _gНина Эрнестовна _4220 |
|
| 710 | 0 | 1 |
_aРСФСР _bГлавное управление школ _3RU\NLR\AUTH\8810169474 |
| 801 | 0 |
_aRU _bNLR _gpsbo |
|
| 801 | 1 |
_aRU _bELAR _2rusmarc |
|
| 852 |
_aNLR _j34-10/3336 |
||
| 942 | _cBOOK | ||
| 980 | _aNB | ||